000
00302nam a2200133Ia 4500
005
20251222155115.0
008
251222s9999||||xx |||||||||||||| ||spa||
082
_a
MAN.39.5
100
_a
O.P.S.
245
0
_a
Evaluación del P.A.I. Modulo V
250
_a
1ra. ed.
264
_b
OPS/OMS
942
_c
LIB
999
_c
38191
_d
38191